| 000 | 00963nam a22002297a 4500 | ||
|---|---|---|---|
| 005 | 20240305165356.0 | ||
| 007 | cr|||| |||| | ||
| 008 | 120606s2012 cl |||||s|||| 00||0 spa d | ||
| 035 | _a6186 | ||
| 040 | _avLex | ||
| 090 |
_c3152 _d3152 |
||
| 100 | 1 | _aSilva Silva, Hernán | |
| 245 | 1 | 0 |
_aMedicina legal _h[Recurso electrónico] / _cHernán Silva Silva |
| 256 | _aServicio en línea | ||
| 260 |
_aChile : _bEditorial jurídica de Chile, _c2012 |
||
| 300 | _a1 recurso electrónico | ||
| 506 | 1 |
_aContenido solo disponible en los productos indicados _dvLex Global _dvLex Global (Academic Edition, excluding Law Schools) _dvLex Global (U.S. Academic Edition, Law Schools) _dvLex Global (U.S. Academic Edition, excluding Law Schools) _dvLex Global (Academic Edition, Law Schools) |
|
| 650 | 0 | 4 |
_aMedical jurisprudence _zChile |
| 740 | 0 | _avLex Libros (Servicio en línea) | |
| 856 | 4 | 0 | _uhttps://app.vlex.com/#/sources/medicina-legal-6186 |
| 942 | _cRAA | ||
| 999 |
_c161563 _d161563 |
||